000 01578aam a2200313 i 4500
001 768714001
003 CO-MdFUSB
005 20211202115434.0
007 ta
008 211202t1975 sp |||| |||| 00| 0 spa d
020 _a[No incluye ISBN]
040 _bspa.
_aCO-MdFUSB
_cCO-MdFUSB
_dCO-MdFUSBC
_erda
041 _aspa
_heng
082 0 4 _223
_a287.96
_bC871s
100 1 _aCoutts, Frederick L.
_eautor
240 _aNo discharge in this war
245 1 0 _aSiempre en pie de guerra :
_bla historia del Ejército de Salvación
_c/ Frederick Coutts
264 1 _aEspaña :
_bClie,
_c[1977]
264 4 _c© 1977
300 _a352 páginas
_c; 18 cm
336 _atexto
_btxt
_2rdacontent
337 _2rdamedia
_asin mediación
_bn
338 _2rdacarrier
_avolumen
_bnc
505 _aEn tiempo pasado no eran pueblo. -- Terreno pedregoso. -- ¡Gobierna tú sobre nosotros! -- El ruido de una hueste. -- La menor de todas las semillas. -- Por honor y por deshonor. -- Valientes en la lucha. -- Muchos adversarios. -- En azotes más abundantes. -- El ayuno que yo escogí. -- ¿Quién es mi prójimo? -- La palabra de Dios multiplicada. -- Una buena guerra. -- Así pues, estaré contigo. -- Una época de guerra. -- Quienes arriesgaron sus vidas. -- Perplejos, más no desesperados. -- El dolor de la guerra (1). -- El dolor de la guerra (2). -- Busca la paz y síguela. -- Estos son mis hermanos. -- Tales como tenían capacidad. -- La mayor alabanza de Dios.
563 _aRústico
653 _aEjército de salvación
942 _cBK
945 _aJTF-925
999 _c39164
_d39164